000
00302nam a2200109Ia 4500
008
220204s9999 xx 000 0 und d
082
_a
330.34
_b
INS
245
0
_a
Development perspectives: Silver jubilee lectures
260
_a
Delhi
_b
B R Publishing
_c
1988
650
_a
Economic development
942
_c
BK
999
_c
40001
_d
40001